BẢO TỒN, PHÁT TRIỂN DI TÍCH LỊCH SỬ, VĂN HÓA QUẢNG NAM - ĐÀ NẴNG: MÔ HÌNH VÀ CÁC GIẢI PHÁP. /

Сохранить в:
Библиографические подробности
Главный автор: Nguyễn Ngọc Chinh
Формат:
Язык:Vietnamese
Опубликовано: ĐÀ NẴNG, 2016.
Предметы:
Метки: Добавить метку
Нет меток, Требуется 1-ая метка записи!
Thư viện lưu trữ: Mạng thư viện Đại học Đà Nẵng
LEADER 01008nam a22003011a 4500
001 000041093
003 17389
005 20220520101919.0
008 160418s2016 000 vie
041 |a vie 
082 |a 306.0959751  |b NG-C 
100 |a Nguyễn Ngọc Chinh 
245 0 |a BẢO TỒN, PHÁT TRIỂN DI TÍCH LỊCH SỬ, VĂN HÓA QUẢNG NAM - ĐÀ NẴNG: MÔ HÌNH VÀ CÁC GIẢI PHÁP. /  |c Nguyễn Ngọc Chinh. 
260 |a ĐÀ NẴNG,  |c 2016. 
300 |a 227tr. : mh ; 20cm. 
650 |a BẢO TỒN, PHÁT TRIỂN DI TÍCH LỊCH SỬ, VĂN HÓA QUẢNG NAM - ĐÀ NẴNG: MÔ HÌNH VÀ CÁC GIẢI PHÁP, QUẢNG NAM - ĐÀ NẴNG 
852 |b Chuyên đề  |c Giáo trình 
OWN |a LNN 
999 |a From the UDN01 
TYP |a Monograph 
TYP |a Printed language 
980 |a Mạng thư viện Đại học Đà Nẵng